ប៉ូលីសទន្សាយកំចាត់គ្រឿងញៀន : (Record no. 9047)
[ view plain ]
| 000 -LEADER | |
|---|---|
| fixed length control field | 02580nam a22003017a 4500 |
| 001 - CONTROL NUMBER | |
| control field | 9047 |
| 003 - CONTROL NUMBER IDENTIFIER | |
| control field | FISKH |
| 005 - DATE AND TIME OF LATEST TRANSACTION | |
| control field | 20251117160543.0 |
| 008 - FIXED-LENGTH DATA ELEMENTS--GENERAL INFORMATION | |
| fixed length control field | 251117b cb ||||| |||| 00| 0 eng d |
| 020 ## - INTERNATIONAL STANDARD BOOK NUMBER | |
| International Standard Book Number | 9789996301360 |
| 040 ## - CATALOGING SOURCE | |
| Original cataloging agency | FISKH |
| Language of cataloging | khr |
| Transcribing agency | FISKH |
| Modifying agency | FISKH |
| 082 ## - DEWEY DECIMAL CLASSIFICATION NUMBER | |
| Classification number | 823 |
| 100 ## - MAIN ENTRY--PERSONAL NAME | |
| Personal name | Tongleang, Noeun |
| 245 ## - TITLE STATEMENT | |
| Title | ប៉ូលីសទន្សាយកំចាត់គ្រឿងញៀន : |
| Remainder of title | Rabbit police combats drug trafficking / |
| Statement of responsibility, etc. | និពន្ធដោយ លោក នឿន តុងលាង , កែសម្រួលដោយ អ្នកស្រី គឹមស៊ុន សុធារី , លោក ធី ចាន់ថន និង កញ្ញា ហេង ចរិយា |
| 260 ## - PUBLICATION, DISTRIBUTION, ETC. | |
| Place of publication, distribution, etc. | Phnom Penh : |
| Name of publisher, distributor, etc. | Reading Books , |
| Date of publication, distribution, etc. | 2011. |
| 300 ## - PHYSICAL DESCRIPTION | |
| Extent | 23 pages : |
| Other physical details | color illustrations ; |
| Dimensions | 25 cm. |
| 490 ## - SERIES STATEMENT | |
| Series statement | ពិភពរឿងនិទាន |
| 505 ## - FORMATTED CONTENTS NOTE | |
| Formatted contents note | K <br/> |
| 520 ## - SUMMARY, ETC. | |
| Summary, etc. | រឿងនេះមានបំណងអប់រំដល់ប្អូនៗកុមារអោយដឹងថា ការជួញដូរ និងការប្រើប្រាស់គ្រឿងញៀនគីជាអំពើខុសច្បាប់ ។ សូមប្អូនឺចៀសអោយផុតពីការសាក ឬ ការប្រើប្រាស់គ្រឿងញៀន ព្រោះវានឹងបំផ្លាញអនាគតប្អូនៗ ។ក្នុងករណីដែលប្អូនៗបានឃើញអ្នកប្រើប្រាស់គ្រឿងញៀន ឬ ការជួញដូរគ្រៀងញៀន សូមប្អូនៗរាយការណ៏ទៅអាជ្ញាធរដែលនៅជិតបំផុត ដើម្បីកំចាត់អ្នកទាំងអស់នោះ ។<br/>់់់ |
| 520 ## - SUMMARY, ETC. | |
| Summary, etc. | This story aims at educating the kids to be aware that drug trafficking and drug use are illegal activities. You, the children, must avoid trying or using drug because drug will ruin your future . If you see anyone using or dealing drugs, you have to report the nearest local authorities to take the crackdown on them . |
| 521 8# - TARGET AUDIENCE NOTE | |
| Target audience note | 510 <br/> |
| Source | Lexile estimate <br/> |
| 521 8# - TARGET AUDIENCE NOTE | |
| Target audience note | K <br/> |
| Source | Raz-Plus <br/> |
| 650 ## - SUBJECT ADDED ENTRY--TOPICAL TERM | |
| Topical term or geographic name entry element | ប៉ូលីសទន្សាយកំចាត់គ្រឿងញៀន |
| Form subdivision | រឿងនិទានកុមារ |
| 650 ## - SUBJECT ADDED ENTRY--TOPICAL TERM | |
| Topical term or geographic name entry element | Rabbit police combats drug trafficking |
| Form subdivision | Children's Stories |
| 700 ## - ADDED ENTRY--PERSONAL NAME | |
| Personal name | Bunthorn, Theak |
| Relator term | Illustrator |
| 942 ## - ADDED ENTRY ELEMENTS (KOHA) | |
| Source of classification or shelving scheme | Dewey Decimal Classification |
| Koha item type | Khmer Books |
| Suppress in OPAC | No |
| Withdrawn status | Lost status | Source of classification or shelving scheme | Damaged status | Not for loan | Collection | Home library | Current library | Shelving location | Date acquired | Total Checkouts | Full call number | Barcode | Date last seen | Copy number | Price effective from | Koha item type |
|---|---|---|---|---|---|---|---|---|---|---|---|---|---|---|---|---|
| Dewey Decimal Classification | Khmer-English Bilingual / ភាសាខ្មែរ-អង់គ្លេស | Footprints International School Library Network Toul Tom Poung Campus | Footprints International School Library Network Toul Tom Poung Campus | TTP Primary Khmer Bookshelves | 11/17/2025 | TON 823 | FISBK04015 | 11/17/2025 | 1 | 11/17/2025 | Khmer Books | |||||
| Dewey Decimal Classification | Khmer-English Bilingual / ភាសាខ្មែរ-អង់គ្លេស | Footprints International School Library Network Toul Tom Poung Campus | Footprints International School Library Network Toul Tom Poung Campus | TTP Primary Khmer Bookshelves | 04/09/2026 | TON 823 | 2026-0497 | 04/09/2026 | 2 | 04/09/2026 | Khmer Books |
